| 000 | 00657nam a2200229 a 4500 | ||
|---|---|---|---|
| 008 | |||
| 020 | _a0574192557 | ||
| 049 | _aMAIN | ||
| 090 |
_aHB171.5 _bHEY |
||
| 100 | 1 | _aHeyne, Paul T. | |
| 245 | 1 | 0 |
_aToward economic understanding / _cPaul Heyne, Thomas Johnson. |
| 260 |
_aChicago : _bScience Research Associates, _cc1976. |
||
| 300 |
_axiv, 816 p. : _bill. ; _c24 cm. |
||
| 500 | _aIncludes index. | ||
| 650 | 0 |
_aEconomics _xTextbooks. |
|
| 700 | 1 | _aJohnson, Thomas. | |
| 907 |
_a.b10036659 _b16-04-12 _c17-04-03 |
||
| 003 | |||
| 005 | 20230123133200.0 | ||
| 040 | _cNUST | ||
| 942 |
_cBOOKS _kHB171.5 _mHEY |
||
| 999 |
_c144161 _d144161 |
||